000 00677cam a2200193u 4500
001 000013890
005 20200929163404.0
008 850226s1940 xx 000 0 spa
010 _a42046203
040 _aDO-SdBNP
_cCarP
_dDLC
050 0 0 _aLAW <General Law Carn>
100 1 _aCarnelutti, Francesco,
_d1879- [from old catalog]
_931472
245 1 0 _aMetodologia del derecho.
260 _aMexico [etc.] :
_bUnion tipografica editorial hispano-americana,
_c[c1940].
300 _a2 p.l., 7-103, [2] p. ;
_c25 cm.
650 0 _aLaw
_xMethodology.
_931473
700 2 _aOssorio y Gallardo, Angel,
_d1873- [from old catalog]
_etr.
_931474
910 _aCatalogación por copia / LC
999 _c13496
_d13496